000 01456nam a22002777a 4500
001 8313
003 FISKH
005 20250909083552.0
008 250909b cb ||||| |||| 00| 0 eng d
020 _a9789996301919
040 _aFISKH
_bkhr
_cFISKH
_dFISKH
082 _a133.5
100 _aSaren, Koam
245 _aសត្វទាំង ១២ :
_b12 Animals /
260 _aPhnom Penh :
_bReading Books,
_c2013.
300 _a21 pages :
_bcolor illustrations ;
_c17 x 25 cm
505 _aL
520 _aនៅសម័យបុរាណ ព្រះសក្យមុន (ឬព្រះអាទិទេព នៅក្នុងរឿងនិទានខ្លះៗ) បានអំពាវនាវឲ្យសត្វមកប្រកួត ដើម្បីជ្រើសរើសឲ្យធ្វើជាតំណាងឆ្នាំ។ សត្វជាច្រើនបានចូលរួមប្រកួត ដោយបង្ហាញភាពឆ្លាតវៃ កម្លាំង និងល្បឿន។
520 _aLong ago, the Buddha (or a heavenly god, in some versions) invited animals to a race to decide which ones would become symbols of the years. Many animals joined, each showing cleverness, strength, and speed.
521 8 _a510
_bLexile estimate
521 8 _aL
_bRazz-Plus
650 _aសត្ច​
650 _aAnimals
942 _2ddc
_cKHB
_n0
999 _c8313
_d8313